[Event "Commonwealth-ch"]
[Site "Chennai"]
[Date "2012.11.23"]
[Round "1"]
[White "Bidhar, Rutumbara"]
[Black "Ravichandran, S."]
[Result "0-1"]
[WhiteElo "1660"]
[BlackElo "2178"]
[PlyCount "78"]
[EventDate "2012.11.23"]
[EventType "swiss"]
[EventRounds "11"]
[EventCountry "IND"]
[SourceTitle "CBM 151 Extra"]
[Source "ChessBase"]
[SourceDate "2012.12.18"]
[SourceVersion "1"]
[SourceVersionDate "2012.12.18"]
[SourceQuality "1"]

1. e4 c5 2. Nf3 d6 3. d4 cxd4 4. Nxd4 Nf6 5. Nc3 a6 6. Bg5 Nbd7 7. f4 Qc7 8. Qf3 h6 9. Bh4 g5 10. Bf2 gxf4 11. 0-0-0 h5 12. Kb1 Ne5 13. Qxf4 Bh6 14. Qh4 Bg4 15. Nde2 Rc8 16. h3 Ng6 17. Qxf6 exf6 18. hxg4 h4 19. Nd4 Bg5 20. Nf5 0-0 21. g3 Ne5 22. Be2 Nc4 23. Bxc4 Qxc4 24. gxh4 Bf4 25. Ne7+ Kh7 26. Nxc8 Rxc8 27. Bd4 b5 28. Rhf1 Bd2 29. Rf2 Qxd4 30. Rfxd2 Qe5 31. Rxd6 b4 32. R6d5 Qf4 33. Rh5+ Kg7 34. g5 bxc3 35. Rg1 f5 36. g6 Qf2 37. Rhg5 f6 38. R5g2 Qb6 39. b3 Qc5 0-1

[Event "Mesa Copper State-B"]
[Site "Mesa"]
[Date "2010.06.08"]
[Round "8"]
[White "Ravichandran, S."]
[Black "Amanov, Mesgen"]
[Result "1/2-1/2"]
[WhiteElo "2177"]
[BlackElo "2479"]
[PlyCount "143"]
[EventDate "2010.06.04"]
[EventType "swiss"]
[EventRounds "9"]
[EventCountry "USA"]
[SourceTitle "CBM 136 Extra"]
[Source "ChessBase"]
[SourceDate "2010.07.02"]
[SourceVersion "2"]
[SourceVersionDate "2010.07.15"]
[SourceQuality "1"]

1. d4 d5 2. Bg5 h6 3. Bh4 c5 4. e3 cxd4 5. exd4 Qb6 6. b3 Nc6 7. Nf3 g5 8. Bg3 g4 9. Ne5 Qxd4 10. Qxd4 Nxd4 11. c3 Nc6 12. Bb5 Bd7 13. Nxd7 Kxd7 14. Nd2 Bg7 15. 0-0-0 Rd8 16. Nc4 Kc8 17. Ne3 Nf6 18. Nf5 Bf8 19. Bh4 Ne4 20. c4 dxc4 21. Rxd8+ Kxd8 22. Bxc4 Rh7 23. Re1 Ng5 24. Ne3 Ne5 25. Be2 e6 26. Nxg4 Nxg4 27. Bxg4 f5 28. Bh5 Kc7 29. f4 Ne4 30. Bf3 Bd6 31. g3 Nc5 32. Kc2 Be7 33. b4 Na6 34. Bxe7 Rxe7 35. Kc3 Nb8 36. Kd4 Kd6 37. Rc1 Nc6+ 38. Bxc6 bxc6 39. Rc5 Rb7 40. a3 Rb5 41. Kc4 Rxc5+ 42. bxc5+ Ke7 43. Kb4 e5 44. fxe5 Ke6 45. Ka5 Kxe5 46. Ka6 Kd5 47. Kxa7 Kxc5 48. a4 Kd4 49. Kb6 c5 50. a5 c4 51. a6 c3 52. a7 c2 53. a8Q c1Q 54. Qa4+ Ke5 55. Qe8+ Kf6 56. Qf8+ Kg5 57. Qe7+ Kg4 58. Qe2+ Kh3 59. Qh5+ Kg2 60. Qxf5 Kxh2 61. Qf4 Qb2+ 62. Kc5 Qc3+ 63. Kb5 Qd3+ 64. Kc5 Qc3+ 65. Kb5 Qb3+ 66. Kc5 Qe6 67. Kd4 Kh3 68. Kd3 Kg2 69. g4 Kh3 70. Qe3+ Qxe3+ 71. Kxe3 Kxg4 72. Kf2 1/2-1/2